000 00670nam a2200205Ia 4500
003 OSt
005 20251120161630.0
008 220922b |||||||| |||| 00| 0 mar d
037 _cTB
040 _aARTS
_cARTS
_bmar
041 _2mar
_amar
084 _aV2y7M93 155K6
_qAL
100 _aकीर, घनंजय
_9852719
245 0 _aबाबा साहेब आंबेडकर
246 _aBābā sāheb āanbeḍakara
260 _aमुंबई:
_b पॉप्युलर प्रकाशन;
_c1966.
300 _a558पृ0
_ccm.
942 _hV2y7M93 155K6
_cTB
_2CC
_n0
999 _c344217
_d344217